Yerel yönetimlerde sosyal demokrasi toplumcu belediyecilik (Kayıt no. 12934)

MARC ayrıntıları
000 -BAŞLIK
Sabit Uzunlukta Kontrol Alanı 01008na a2200301 4500
999 ## - SİSTEM KONTROL NUMARALARI (KOHA)
Koha Biblionumber 12934
Koha Biblioitemnumber 12934
001 - KONTROL NUMARASI
Denetim Alanı 13132
003 - KONTROL NUMARASI IDENTIFIER
Denetim Alanı MIRAKIL
005 - SON İŞLEM TARİHİ VE ZAMANI
Denetim Alanı 20190313151425.0
008 - SABİT-BOY VERİ ELEMANLARI - GENEL BİLGİLER
Sabit Uzunlukta Kontrol Alanı 161011b tu 000 0
020 ## - ULUSLARARASI STANDART KİTAP NUMARASI
Uluslararası Standart Kitap Numarası 9786055679200
035 ## - SİSTEM KONTROL NUMARASI
Sistem Kontrol Numarası 13132
040 ## - KATALOGLAMA KAYNAK
Orijinal Kataloglama Ajansı Milas
Kataloglama Dili tur
Metne Dönüştürmek Ajansı TR-AnCHP
041 ## - DİL KODU
Metin / Ses Parça Veya Ayrı Başlığın Dil Kodu tur
082 ## - DEWEY ONLU SINIFLANDIRMA NUMARASI
Sınıflandırma Numarası 320.809561
Ürün Numarası T66 2013
090 ## - SINIFLAMA NUMARASI
Sınıflama Numarası 320.809561 T66 2013
245 ## - BAŞLIK TABLOSU
Başlık Yerel yönetimlerde sosyal demokrasi toplumcu belediyecilik
Başlığın Kalan teorik yaklaşımlar, Türkiye uygulamaları
Sorumluluk Tablosu, Vb derleyenler : İhsan Kamalak, Hüseyin Gül
260 ## - YAYIN, DAĞITIM, VB
Yayın, Dağıtım, Vb Yeri İstanbul
Yayıncı, Dağıtıcı, Vs Adı Kalkedon Yayıncılık
Yayın, Dağıtım, Vb Tarihi 2013
300 ## - FİZİKSEL TANIM
Kapsam 352 s.
Boyutlar 21 sm.
490 ## - SERİSİ TABLOSU
Seri Beyanı Kalkedon yayıncılık
Hacim / Ardışık Tanımı 95
490 ## - SERİSİ TABLOSU
Seri Beyanı Sodev kitaplığı
Hacim / Ardışık Tanımı 6
650 ## - KONU KATMA GİRİŞ - TOPİKAL DÖNEM
Topikal Süreli Veya Coğrafi Ad Giriş Elemanı Belediyeler
Genel Alt Bölümü Türkiye
-- Siyaset
650 ## - KONU KATMA GİRİŞ - TOPİKAL DÖNEM
Topikal Süreli Veya Coğrafi Ad Giriş Elemanı Sosyal demokrasi
Genel Alt Bölümü Yerel yönetimler
Coğrafi Alt Bölümü Türkiye
700 ## - KATMA GİRİŞ - KİŞİSEL İSİM
Kişisel Ad Kamalak, İhsan
700 ## - KATMA GİRİŞ - KİŞİSEL İSİM
Kişisel Ad Gül, Hüseyin
856 ## - ELEKTRONİK YER VE ERİŞİM
Kamu Notu Dijital Nüshası için Partimizin Kütüphane Sorumlusu ile iletişime geçiniz.
942 ## - EKLENDİ GİRİŞ ELEMANLARI (KOHA)
Sınıflandırma Veya Raf Düzeni Kaynak Dewey Decimal Classification
Koha Öğesi Türü Kitaplar
999 ## - SİSTEM KONTROL NUMARALARI (KOHA)
Koha Biblioitemnumber 3851
Mevcut
Kalıcı Konum Mevcut Konum Edinme Tarihi Toplam Check-Out'Lar Tam Çağrı Numarası Barkod Tarih Son Görülme İtibaren Geçerli Fiyatlar Koha Öğesi Türü
CHP Kütüphanesi CHP Kütüphanesi 11/29/2022   320.809561 T66 2013 020633 11/29/2022 11/29/2022 Kitaplar
Parti Okulu Kütüphanesi Parti Okulu Kütüphanesi 03/13/2019   320.809561 T66 2013 P00403 03/13/2019 03/13/2019 Kitaplar